[Event "LTU-ch"]
[Site "Vilnius"]
[Date "2002.05.21"]
[Round "6"]
[White "Ruzele, Darius"]
[Black "Kveinys, Aloyzas"]
[Result "1/2-1/2"]
[WhiteElo "2545"]
[BlackElo "2559"]
[PlyCount "102"]
[EventDate "2002.05.17"]
[Source "ChessBase"]
[SourceDate "2002.09.20"]

1. d4 Nf6 2. c4 e6 3. Nf3 d5 4. Nc3 c5 5. e3 a6 6. cxd5 exd5 7. Be2 Nc6 8. O-O Bd6 9. dxc5 Bxc5 10. a3 O-O 11. b4 Ba7 12. Bb2 Re8 13. Qd3 Be6 14. Rfd1 Qe7 15. h3 Rad8 16. Qc2 h6 17. b5 axb5 18. Nxb5 Bb8 19. Qc3 Bf5 20. Rac1 Be4 21. Qc5 Qe6 22. Nbd4 Nxd4 23. Nxd4 Qe5 24. f4 Qe7 25. Qxe7 Rxe7 26. Nb5 Re6 27. Kf2 Rc6 28. Nd4 Rcc8 29. Bf3 Rc4 30. Ne2 Rxc1 31. Rxc1 Ne8 32. Rd1 Rc8 33. Bxe4 dxe4 34. Bc3 Bd6 35. a4 Bc5 36. Bd4 Bb4 37. Rc1 Rxc1 38. Nxc1 h5 39. g4 hxg4 40. hxg4 Nd6 41. Ne2 f6 42. f5 Kf7 43. Kg3 Nc4 44. Kf2 g6 45. fxg6+ Kxg6 46. Nf4+ Kg5 47. Nd5 Ba3 48. Kg3 f5 49. Bf6+ Kg6 50. Bd4 Kg5 51. Bf6+ Kg6 1/2-1/2

[Event "Moscow (ol)"]
[Site "?"]
[Date "1994.??.??"]
[Round "?"]
[White "Yurtaev, L."]
[Black "Rogers, I."]
[Result "0-1"]
[WhiteElo "2530"]
[BlackElo "2560"]
[PlyCount "66"]
[EventDate "1994.??.??"]
[Source "ChessBase"]
[SourceDate "1994.10.01"]

1. e4 c6 2. d4 d5 3. exd5 cxd5 4. c4 Nf6 5. Nc3 e6 6. Nf3 Be7 7. cxd5 exd5 8. Bd3 O-O 9. h3 Nc6 10. O-O Be6 11. Re1 Qc8 12. Bf4 Bf5 13. Rc1 Bb4 14. Ne5 Bxd3 15. Qxd3 Re8 16. f3 Nxd4 17. Nxd5 Bc5 18. Nxf6+ gxf6 19. Kf1 fxe5 20. Bxe5 b6 21. b4 Nc6 22. Bc3 Bf8 23. Rxe8 Qxe8 24. Re1 Qd8 25. Qe4 Qc8 26. Bf6 Nd8 27. f4 Qc6 28. Qe5 Ne6 29. Re3 Bd6 30. Qf5 Nxf4 31. Rg3+ Ng6 32. Rc3 Qe8 33. Qd5 Bxb4 0-1

[Event "Muensterland op 19th"]
[Site "Senden"]
[Date "2002.10.15"]
[Round "6"]
[White "Savchenko, Stanislav"]
[Black "Berelovich, Aleksandar"]
[Result "1/2-1/2"]
[WhiteElo "2541"]
[BlackElo "2541"]
[PlyCount "61"]
[EventDate "2002.10.12"]
[Source "ChessBase"]
[SourceDate "2002.11.06"]

1. d4 e6 2. Nf3 d5 3. c4 c5 4. cxd5 exd5 5. Nc3 Nc6 6. Bf4 Nf6 7. e3 Be7 8. dxc5 Bxc5 9. Be2 O-O 10. O-O Be6 11. Rc1 Be7 12. Ne5 Qa5 13. Qa4 Qb6 14. Qb5 d4 15. Qxb6 axb6 16. Nxc6 bxc6 17. exd4 Bxa2 18. Nxa2 Rxa2 19. Rxc6 Rxb2 20. Bf3 Rb4 21. Rd1 Rd8 22. Be5 Nd5 23. h3 Bf8 24. Rc2 f6 25. Bg3 b5 26. Rc6 Rc4 27. Rxc4 bxc4 28. Rc1 c3 29. Bxd5+ Rxd5 30. Rxc3 Rxd4 31. Rc8 1/2-1/2

[Event "JUG-ch 56th"]
[Site "Herceg Novi"]
[Date "2001.03.31"]
[Round "8"]
[White "Damljanovic, Branko"]
[Black "Kovacevic, Aleksandar"]
[Result "1/2-1/2"]
[WhiteElo "2561"]
[BlackElo "2521"]
[PlyCount "33"]
[EventDate "2001.03.23"]
[Source "ChessBase"]
[SourceDate "2001.07.05"]

1. d4 Nf6 2. Nf3 e6 3. c4 c5 4. e3 d5 5. Nc3 a6 6. cxd5 exd5 7. Be2 Nc6 8. O-O Bd6 9. dxc5 Bxc5 10. b3 O-O 11. Bb2 Ba7 12. Qc2 Qe7 13. Rad1 Rd8 14. Rd2 d4 15. exd4 Nxd4 16. Nxd4 Rxd4 17. Rxd4 1/2-1/2

[Event "YUG team ch."]
[Site "?"]
[Date "2002.??.??"]
[Round "?"]
[White "Mikhalchishin Adrian"]
[Black "Kovacevic Aleksandar"]
[Result "1/2-1/2"]
[WhiteElo "2530"]
[BlackElo "2550"]
[PlyCount "77"]
[EventDate "2002.??.??"]
[Source "www.chesslib.no"]
[SourceDate "2004.05.04"]

1. d4 Nf6 2. c4 e6 3. Nf3 c5 4. e3 d5 5. Nc3 Nc6 6. cxd5 exd5 7. Be2 Bd6 8. dxc5 Bxc5 9. O-O O-O 10. b3 a6 11. Bb2 Ba7 12. Rc1 Qd6 13. Na4 Ne4 14. Nd4 Ne5 15. f3 Nf6 16. Qd2 Bd7 17. Bc3 Nc6 18. Nxc6 Bxc6 19. Nb2 Rfe8 20. Bd4 Bxd4 21. exd4 Nh5 22. Rfe1 Qf6 23. Bf1 Nf4 24. Na4 Bxa4 25. bxa4 h6 26. Rcd1 Rac8 27. Rxe8+ Rxe8 28. g3 Ne6 29. f4 Rc8 30. Qb4 Rc7 31. Qd6 Qf5 32. Bd3 Qg4 33. Re1 Rc8 34. Qxd5 g6 35. Be2 Qh3 36. Bf1 Qh5 37. Be2 Qh3 38. Bf1 Qg4 39. Be2 1/2-1/2